000 02290cab a2200313 a 4500
005 20240910064024.0
008 991125c2020 ck zr p o 000 0 spa d
035 _aUPN01000235702
040 _aMX-MxUPN
_bspa
_eaacr2
049 _aART-E
100 1 _aAlbertos, Aranzazu
_6- aalbertos@unav.es
100 1 _aOsorio, Alfonso
100 1 _aBeltramo, Carlos
245 1 0 _aAdolescentes y ocio: desarrollo positivo y transición hacia la vida adulta
_h[recurso electrónico en línea]
506 0 _aAcceso abierto
520 3 _aA partir del siglo XX el ocio ha tenido un papel crucial en la sociedad, la economía, la cultura y la educación. Este hecho ha despertado un gran interés por estudiar la conexión que tiene este fenómeno con los estilos de vida, la satisfacción, el entorno, y la relación entre ocio y trabajo. Este artículo analiza la influencia del ocio en la vida de los jóvenes. En la primera parte, se realiza una revisión bibliográfica de las principales teorías sociológicas y psicológicas que explican su sentido, evolución y relación con el trabajo. En la segunda parte, se expone el modelo de desarrollo positivo, centrado más en el florecimiento del potencial de los jóvenes que en prevenir conductas de riesgo. El uso positivo del tiempo libre se basa en la realización de actividades estructuradas, con participación voluntaria, motivación intrínseca y supervisadas por adultos. Se concluye que la implicación de los jóvenes en asociaciones, organizaciones e instituciones que desarrollen actividades estructuradas de participación voluntaria o autoimplicada facilita la transición a la vida adulta, en relación con el uso constructivo del tiempo unido a un ocio libre y placentero.
650 4 _aAdolescencia
_91008
650 0 _96217
_aDesarrollo de la personalidad
650 2 _aJóvenes
_95660
650 2 _aPrevención
_922662
650 2 _aTiempo libre
_94888
653 0 _aOcio
653 0 _aConducta de riesgo
773 _gVol. 23, no. 2 (2020), p. 201-220
_tEducación y educadores
_x2027-5358
856 4 0 _uhttps://educacionyeducadores.unisabana.edu.co/index.php/eye/article/view/12415/5895
856 4 0 _uhttps://doi.org/10.5294/edu.2020.23.2.3
_zConsultar articulo completo
905 _aArticulo
942 _cART-E
999 _c207797
_d207797